Design of concrete structures (Record no. 3622)

000 -LEADER
fixed length control field 00547nam a22002057a 4500
001 - CONTROL NUMBER
control field 3622
003 - CONTROL NUMBER IDENTIFIER
control field BD-DhUET
008 - FIXED-LENGTH DATA ELEMENTS--GENERAL INFORMATION
fixed length control field 141102b xxu||||| |||| 00| 0 eng d
040 ## - CATALOGING SOURCE
Transcribing agency 0
Modifying agency BD-DhUET
082 ## - DEWEY DECIMAL CLASSIFICATION NUMBER
Classification number 624.183
Item number WIN/1972
100 ## - MAIN ENTRY--PERSONAL NAME
Personal name Winter, George
245 ## - TITLE STATEMENT
Title Design of concrete structures
Statement of responsibility, etc. by George Winter and Arthur H. Nilson
250 ## - EDITION STATEMENT
Edition statement 8th ed.
260 ## - PUBLICATION, DISTRIBUTION, ETC. (IMPRINT)
Place of publication, distribution, etc. New York
Name of publisher, distributor, etc. McGraw-Hill
Date of publication, distribution, etc. 1972
300 ## - PHYSICAL DESCRIPTION
Extent xii,615p.
504 ## - BIBLIOGRAPHY, ETC. NOTE
Bibliography, etc Includes bibliographies
650 #0 - SUBJECT ADDED ENTRY--TOPICAL TERM
Topical term or geographic name as entry element Reinforced concrete
700 ## - ADDED ENTRY--PERSONAL NAME
Personal name Nilson, Arthur H.
942 ## - ADDED ENTRY ELEMENTS (KOHA)
Koha item type General Book
Holdings
Koha full call number Copy number Not for loan Koha normalized classification for sorting Shelving location Koha date last seen Withdrawn status Koha date last borrowed Price effective from Piece designation (barcode) Source of classification or shelving scheme Damaged status Location (home branch) Date acquired Koha item type Koha issues (times borrowed) Lost status Sublocation or collection (holding branch)
624.183/WIN/19721 624_183000000000000_WIN_1972Circulation section2025-06-18 2025-05-262014-11-0239870  Central Library, BUET2014-11-02General Book2 Central Library, BUET
624.183/WIN/19722 624_000000000000000_183WIN1972Circulation section2025-05-28 2025-05-262014-11-0244253  Central Library, BUET2014-11-02General Book1 Central Library, BUET
624.183/WIN/19723 624_000000000000000_183WIN1972Circulation section2014-11-18  2014-11-1839869  Central Library, BUET2014-11-18General Book  Central Library, BUET
624.183/WIN/19724 624_000000000000000_183WIN1972Circulation section2014-11-18  2014-11-1839871  Central Library, BUET2014-11-18General Book  Central Library, BUET
624.183/WIN/19725 624_183000000000000_WIN_1972Circulation section2025-06-28 2025-05-272015-02-2242844  Central Library, BUET2015-02-22General Book2 Central Library, BUET
624.183/WIN/19726 624_183000000000000_WIN_1972Circulation section2015-02-22  2015-02-2254930  Central Library, BUET2015-02-22General Book  Central Library, BUET
624.183/WIN/19727 624_183000000000000_WIN_1972Circulation section2025-05-27 2025-05-262015-05-0745112  Central Library, BUET2015-05-07General Book1 Central Library, BUET